| 000 | 00620nam 22002053 4500 | ||
|---|---|---|---|
| 001 | 202805 | ||
| 090 | _a202805 | ||
| 100 | _a20260630d u||y0pory50 ba | ||
| 200 |
_aMorte na rodovia _fPer Johns _eGalileo Galilei |
||
| 210 |
_aRio de Janeiro _cCivilização Brasileira _d1978 |
||
| 215 |
_a271 p. _cbrochado _d21 cm |
||
| 225 |
_aVera Cruz _v254 |
||
| 300 | _aContém dedicatória na folha de guarda | ||
| 304 | _aRomance | ||
| 606 |
_99 _aLiteratura Brasileira |
||
| 675 |
_a821.134.3(81)-3 _vBR _zpor |
||
| 700 |
_917665 _aJohns _bPer _f1933-2017 |
||
| 801 |
_aPT _bBMMN _gRPC |
||
| 830 |
_cAna Falardo _fAna Falardo |
||
| 990 | _cLIVROS | ||